[Event "4. Festival da Figueira da Foz"]
[Site "Figueira da Foz POR"]
[Date "2007.11.02"]
[Round "7.3"]
[White "Velicka, Petr"]
[Black "Dimitrov, Vladimir"]
[Result "1/2-1/2"]
[WhiteElo "2519"]
[BlackElo "2471"]
[PlyCount "85"]
[EventDate "2007.10.28"]
[EventType "swiss"]
[EventRounds "9"]
[EventCountry "POR"]
[Source "lmi"]
[SourceDate "2007.10.28"]

1. e4 c5 2. Nf3 e6 3. d4 cxd4 4. Nxd4 Nf6 5. Nc3 d6 6. g4 a6 7. g5 Nfd7 8. h4
b5 9. a3 Bb7 10. Qg4 Nc6 11. Be3 Rc8 12. O-O-O Nce5 13. Qg3 Rxc3 14. bxc3 Qa5
15. Kb1 Bxe4 16. f3 Bd5 17. Bc1 Nc5 18. Bb2 Na4 19. Rg1 Nc4 20. Bxc4 bxc4 21.
Kc1 Be7 22. Qe1 g6 23. h5 Kd7 24. f4 Nc5 25. Kd2 Be4 26. a4 d5 27. Ke3 h6 28.
hxg6 fxg6 29. Rh1 e5 30. fxe5 Bxg5+ 31. Ke2 Re8 32. Nf3 Qc7 33. Qg3 Bxf3+ 34.
Kxf3 Rxe5 35. Rhe1 Rf5+ 36. Kg2 Qxg3+ 37. Kxg3 Nxa4 38. Ra1 Nc5 39. Rad1 Be7
40. Kg2 Rf7 41. Kh3 Bd6 42. Ba3 Rg7 43. Kh4 1/2-1/2

[Event "4. Festival da Figueira da Foz"]
[Site "Figueira da Foz POR"]
[Date "2007.11.02"]
[Round "7.4"]
[White "Vitor, Antonio"]
[Black "Romanishin, Oleg"]
[Result "1/2-1/2"]
[WhiteElo "2371"]
[BlackElo "2547"]
[PlyCount "79"]
[EventDate "2007.10.28"]
[EventType "swiss"]
[EventRounds "9"]
[EventCountry "POR"]
[Source "lmi"]
[SourceDate "2007.10.28"]

1. Nf3 Nf6 2. c4 e6 3. g3 a6 4. Bg2 b5 5. b3 c5 6. Nc3 Qa5 7. O-O Bb7 8. e3 Be7
9. Qe2 b4 10. Na4 d6 11. d4 Qc7 12. dxc5 dxc5 13. Bb2 Nbd7 14. Nd2 Bxg2 15.
Kxg2 O-O 16. Rad1 Rad8 17. f4 e5 18. Qf3 Rfe8 19. f5 Bd6 20. e4 Nb8 21. Rfe1
Nc6 22. Nf1 Nd4 23. Bxd4 cxd4 24. Nb2 Qa5 25. Re2 Re7 26. Nd3 Rde8 27. Rde1 Bc5
28. Kg1 h6 29. Qg2 Qc7 30. Nd2 Ng4 31. Nf1 a5 32. Qh3 Nf6 33. Nd2 Bd6 34. Qh4
Nd7 35. Nf3 Bc5 36. Kg2 Qc6 37. Kf2 a4 38. Qg4 Nf8 39. Qh4 Nd7 40. Qg4 1/2-1/2

[Event "4. Festival da Figueira da Foz"]
[Site "Figueira da Foz POR"]
[Date "2007.11.02"]
[Round "7.5"]
[White "Alho, Diogo"]
[Black "Rusev, Krasimir"]
[Result "1-0"]
[WhiteElo "2244"]
[BlackElo "2479"]
[PlyCount "49"]
[EventDate "2007.10.28"]
[EventType "swiss"]
[EventRounds "9"]
[EventCountry "POR"]
[Source "lmi"]
[SourceDate "2007.10.28"]

1. d4 Nf6 2. c4 e6 3. Nc3 Bb4 4. Qc2 O-O 5. e4 d5 6. e5 Ne4 7. Bd3 c5 8. a3
Bxc3+ 9. bxc3 Qa5 10. Bxe4 dxe4 11. Bd2 Qa6 12. Qxe4 Qxc4 13. Ne2 Nc6 14. O-O
Bd7 15. Rfe1 Rad8 16. Rac1 Kh8 17. Ng3 cxd4 18. Be3 Qc5 19. cxd4 Qxa3 20. Qh4
f5 21. exf6 Rxf6 22. Rc5 Ne7 23. Rh5 Ng6 24. Rxh7+ Kg8 25. Rxg7+ 1-0

[Event "4. Festival da Figueira da Foz"]
[Site "Figueira da Foz POR"]
[Date "2007.11.02"]
[Round "7.6"]
[White "Blalock, Rex"]
[Black "Hoffmann, Michael"]
[Result "1/2-1/2"]
[WhiteElo "2204"]
[BlackElo "2471"]
[PlyCount "134"]
[EventDate "2007.10.28"]
[EventType "swiss"]
[EventRounds "9"]
[EventCountry "POR"]
[Source "lmi"]
[SourceDate "2007.10.28"]

1. e4 c5 2. Nf3 d6 3. Bb5+ Nd7 4. d4 Ngf6 5. Nc3 cxd4 6. Qxd4 e5 7. Qd3 h6 8.
O-O Be7 9. Rd1 a6 10. Bc4 b5 11. Bb3 Nc5 12. Qe2 Nxb3 13. axb3 Bd7 14. b4 O-O
15. Nh4 Qc8 16. h3 Rd8 17. Qf3 a5 18. Nf5 Bxf5 19. exf5 axb4 20. Rxa8 Qxa8 21.
Qxa8 Rxa8 22. Nxb5 d5 23. Re1 Nd7 24. Bd2 Ra5 25. Nd4 Ra6 26. Nb3 Bd6 27. Ra1
Rc6 28. Ra8+ Kh7 29. Ra7 Nf6 30. Na1 Ne4 31. Be1 f6 32. Kf1 Bc5 33. Rb7 Nd6 34.
Rb8 Nxf5 35. Bxb4 Bxb4 36. Rxb4 Ra6 37. Nb3 Ra2 38. Nc5 Nd4 39. g4 Nxc2 40. Rb7
Nd4 41. h4 h5 42. Nd7 Ra6 43. g5 fxg5 44. hxg5 Ne6 45. Nxe5 Nxg5 46. Kg2 Ne6
47. Kg3 Ra4 48. Re7 h4+ 49. Kh2 Nf4 50. Nf3 Ng6 51. Rd7 Rf4 52. Kg2 Rf5 53. Nd4
Nf4+ 54. Kh2 Rg5 55. Kh1 Nd3 56. Ne6 Nxf2+ 57. Kh2 Rg3 58. Rxd5 Ng4+ 59. Kh1
Nf2+ 60. Kh2 Kh6 61. Nf4 g5 62. Rd6+ Kh7 63. Rd7+ Kg8 64. Nh5 Ng4+ 65. Kh1 Nf2+
66. Kh2 Ng4+ 67. Kh1 Nf2+ 1/2-1/2

[Event "4. Festival da Figueira da Foz"]
[Site "Figueira da Foz POR"]
[Date "2007.11.02"]
[Round "7.8"]
[White "Galvao, Henrique"]
[Black "Bellon, Juan Manuel"]
[Result "0-1"]
[WhiteElo "2187"]
[BlackElo "2434"]
[PlyCount "122"]
[EventDate "2007.10.28"]
[EventType "swiss"]
[EventRounds "9"]
[EventCountry "POR"]
[Source "lmi"]
[SourceDate "2007.10.28"]

1. e4 c5 2. c3 b6 3. d4 Bb7 4. Bd3 Nf6 5. Nd2 e6 6. Ne2 d6 7. O-O Nbd7 8. f4
cxd4 9. Nxd4 a6 10. Qe2 e5 11. Nf5 g6 12. Nc4 gxf5 13. fxe5 dxe5 14. Rxf5 Qc7
15. Bg5 Be7 16. Nxe5 Nxe5 17. Bxf6 Bxf6 18. Rxf6 Rg8 19. Raf1 Rg6 20. R6f5 b5
21. Bxb5+ axb5 22. Qxb5+ Nd7 23. Rxf7 Qb6+ 24. Qxb6 Rxb6 25. Rxh7 Rxb2 26. Rh8+
Ke7 27. Rxa8 Bxa8 28. Rf2 Rb1+ 29. Rf1 Rb5 30. Rf5 Ne5 31. Rf4 Ra5 32. h4 Ng6
33. Rf5 Rxa2 34. h5 Nh4 35. Rg5 Ra4 36. h6 Ra1+ 37. Kh2 Ra6 38. Rh5 Ng6 39. h7
Nh8 40. Kg3 Rg6+ 41. Kf3 Bc6 42. g3 Be8 43. Kf4 Rf6+ 44. Rf5 Rh6 45. Re5+ Kf8
46. Rf5+ Kg7 47. Ra5 Rf6+ 48. Ke3 Kxh7 49. Ra7+ Kg6 50. c4 Nf7 51. Ra8 Re6 52.
Kd4 Ng5 53. e5 Nf3+ 54. Kd5 Bf7 55. Kc5 Nxe5 56. Kb5 Be8+ 57. Kb4 Bc6 58. Ra6
Kf5 59. Kc5 Rg6 60. Ra3 Bf3 61. Rc3 Rxg3 0-1

[Event "4. Festival da Figueira da Foz"]
[Site "Figueira da Foz POR"]
[Date "2007.11.02"]
[Round "7.10"]
[White "Felizes, Paulo"]
[Black "Kociscak, Jiri"]
[Result "1/2-1/2"]
[WhiteElo "2072"]
[BlackElo "2223"]
[PlyCount "99"]
[EventDate "2007.10.28"]
[EventType "swiss"]
[EventRounds "9"]
[EventCountry "POR"]
[Source "lmi"]
[SourceDate "2007.10.28"]

1. d4 d5 2. Bg5 h6 3. Bh4 c6 4. Nf3 Qb6 5. b3 Bf5 6. e3 e6 7. Bd3 Bxd3 8. Qxd3
Nd7 9. O-O Be7 10. Bxe7 Nxe7 11. c4 O-O 12. Nc3 Nf6 13. c5 Qc7 14. b4 Ng6 15.
b5 e5 16. dxe5 Nxe5 17. Nxe5 Qxe5 18. Qd4 Qe7 19. Rab1 Rfe8 20. Rb4 Rac8 21.
Rfb1 b6 22. Na4 Ne4 23. Rc1 cxb5 24. Rxb5 Qd7 25. Qb2 Rc7 26. f3 Nd6 27. c6
Rxc6 28. Rxd5 Rxc1+ 29. Qxc1 Qxa4 30. Rxd6 Qxa2 31. e4 b5 32. Qc6 Qa1+ 33. Kf2
Qb2+ 34. Kg3 Rf8 35. Rd5 Rb8 36. Qc7 Rb6 37. Kh3 Rg6 38. g4 Qf2 39. Rf5 Qf1+
40. Kg3 Qg1+ 41. Kh3 Qb6 42. Qxf7+ Kh7 43. Qe8 Rf6 44. e5 Qc6 45. Qxc6 Rxc6 46.
e6 Rxe6 47. Rxb5 Ra6 48. Kg3 Ra4 49. Rb7 Kg6 50. h4 1/2-1/2

[Event "4. Festival da Figueira da Foz"]
[Site "Figueira da Foz POR"]
[Date "2007.11.02"]
[Round "7.11"]
[White "Neves, Pedro"]
[Black "Pereira, Edgar"]
[Result "1/2-1/2"]
[WhiteElo "1915"]
[BlackElo "2106"]
[PlyCount "73"]
[EventDate "2007.10.28"]
[EventType "swiss"]
[EventRounds "9"]
[EventCountry "POR"]
[Source "lmi"]
[SourceDate "2007.10.28"]

1. e4 c5 2. Nc3 d6 3. f4 Nc6 4. Nf3 e6 5. Bc4 a6 6. a4 Nge7 7. Bb3 g6 8. d3 Bg7
9. O-O O-O 10. Qe1 Nd4 11. Nxd4 cxd4 12. Ne2 f5 13. Ng3 fxe4 14. Nxe4 d5 15.
Ng5 Qd6 16. Bd2 Nc6 17. Qg3 Bd7 18. Rae1 Rae8 19. Nf3 Bc8 20. Ne5 Nxe5 21. fxe5
Rxf1+ 22. Kxf1 Rf8+ 23. Kg1 Qc7 24. Bb4 Rf5 25. Bd6 Qa5 26. Rf1 Rxf1+ 27. Kxf1
Qd2 28. Qh4 Qc1+ 29. Ke2 Qe3+ 30. Kf1 g5 31. Qe1 Qf4+ 32. Kg1 Bd7 33. Qa5 Qc1+
34. Kf2 Qe3+ 35. Kf1 Qf4+ 36. Kg1 Qe3+ 37. Kf1 1/2-1/2